| Tag |
First Indicator |
Second Indicator |
Subfields |
| LEADER |
00000cam a2200000 a 4500 |
| 001 |
in00000097516 |
| 005 |
20150924085201.0 |
| 008 |
780403s1977 enka b 00100 eng d |
| 020 |
|
|
|a 0340209771
|
| 035 |
|
|
|a (OCoLC)03775408
|
| 035 |
|
|
|9 AAK9137AM
|
| 040 |
|
|
|a OSU
|c OSU
|d CLU
|d OCL
|d TXA
|d UtOrBLW
|
| 049 |
|
|
|a TXAM
|c [389009]
|
| 060 |
|
0 |
|a WM 20 D489 1977
|
| 090 |
|
|
|a RC337
|b D48
|
| 245 |
0 |
0 |
|a Developments in psychiatric research :
|b essays based on the Sir Geoffrey Vickers Lectures of the Mental Health Foundation (formerly Mental Health Research Fund) /
|c edited by J.M. Tanner for the Mental Health Foundation.
|
| 264 |
|
1 |
|a London :
|b Hodder and Stoughton,
|c [1977]
|
| 264 |
|
4 |
|c ©1977
|
| 300 |
|
|
|a ix, 294 pages :
|b illustrations ;
|c 24 cm.
|
| 336 |
|
|
|a text
|b txt
|2 rdacontent
|
| 337 |
|
|
|a unmediated
|b n
|2 rdamedia
|
| 338 |
|
|
|a volume
|b nc
|2 rdacarrier
|
| 500 |
|
|
|a Includes bibliographical references and index.
|
| 650 |
|
0 |
|a Psychiatry
|x Research.
|
| 650 |
|
0 |
|a Psychiatry.
|
| 650 |
|
2 |
|a Psychiatry.
|
| 650 |
|
2 |
|a Research.
|
| 700 |
1 |
|
|a Tanner, J. M.
|q (James Mourilyan).
|t Developments in psychiatric research.
|
| 710 |
2 |
|
|a Mental Health Foundation (London, England)
|
| 999 |
|
|
|a MARS
|
| 999 |
f |
f |
|s 7c694f04-baaa-3476-8f0c-aee9ed837373
|i 9caa8ebc-9a3b-32db-be8a-9ee129716ea5
|t 0
|
| 952 |
f |
f |
|p ric
|a Texas A&M University
|b Rellis Campus
|c Joint Library Facility
|d Remote Storage
|t 0
|e RC337 D48
|h Library of Congress classification
|i unmediated -- volume
|m A14806040398
|
| 998 |
f |
f |
|a RC337 D48
|t 0
|l Remote Storage
|